Uso de aditivos para la modificacion y posterior reuso de ligante obtenido de capas asfalticas removidas

Gorde:
Xehetasun bibliografikoak
Egile nagusia: Irias Alvarez, Adriana
Formatua: Tesis Liburua
Hizkuntza:Undetermined
Argitaratua: 2001
Gaiak:
> > > > ADITIVOS
Etiketak: Etiketa erantsi
Etiketarik gabe, Izan zaitez lehena erregistro honi etiketa jartzen!

MARC

LEADER 00000nam a2200000Ia 4500
001 8862
008 140114s9999 xx 000 0 und d
100 |a Irias Alvarez, Adriana 
245 |a Uso de aditivos para la modificacion y posterior reuso de ligante obtenido de capas asfalticas removidas 
260 |c 2001 
500 |a NULL 
502 |a Escuela de ingenieria Quimica 
650 |z ADITIVOS 
999 |c 12549  |d 12549